Stratégia informatizácie regionálneho školstva

Vo februári 2008 bola Uznesením vlády SR č. 112 schválená Stratégia informatizácie regionálneho školstva do roku 2011. Najvýznamnejšie časti dokumentu s komentárom. Špecifické ciele pre pilier obsah. Špecifické ciele pre pilier ľudia. Špecifické ciele pre pilier infraštruktúra. Riadenie procesu info...

Descrizione completa

Salvato in:
Dettagli Bibliografici
Autore principale: Bartl, Jaroslav
Natura: Capitolo di libro
Lingua:slovacco
Soggetti:
Tags: Aggiungi Tag
Nessun Tag, puoi essere il primo ad aggiungerne!!

MARC

LEADER 00000naa$a2200000$$$4500
001 0078109
005 20231013072551.3
041 0 |a slo 
044 |a SK 
245 1 0 |a Stratégia informatizácie regionálneho školstva  |c Jaroslav Bartl 
520 |a Vo februári 2008 bola Uznesením vlády SR č. 112 schválená Stratégia informatizácie regionálneho školstva do roku 2011. Najvýznamnejšie časti dokumentu s komentárom. Špecifické ciele pre pilier obsah. Špecifické ciele pre pilier ľudia. Špecifické ciele pre pilier infraštruktúra. Riadenie procesu informatizácie. Odporúčania pre realizáciu stratégie informatizácie. 
610 2 0 |a informatizácia 
610 2 0 |a stratégia informačná 
610 2 0 |a školstvo 
610 2 0 |a regióny 
610 2 0 |a riadenie 
610 2 0 |a Slovensko 
100 1 |a Bartl, Jaroslav